000 00463 a2200145 4500
999 _c9260
_d9260
020 _a4577844559
050 _aKTL1440 MUC 2014
100 _aMucheche Caleb
_eauthor
245 _aLaw and practice at the labour court of Zimbabwe:
_b commentary on the labour court rules of Zimbabwe /
_cCaleb Mucheche
264 _aHarare:
_bZimlaw net.,
_c2014
300 _av, 62 pages
500 _alncludes index
650 _aLabour court law
942 _2lcc
_cBK
_h1440
_iMUC
_kKTL